|
|
|
|
| LEADER |
00000nam0a2200000 4500 |
| 001 |
74323 |
| 005 |
20231031085159.0 |
| 035 |
|
|
|a (RuTPU)RU\TPU\book\79262
|
| 090 |
|
|
|a 74323
|
| 100 |
|
|
|a 20050302d1954 k y0rusy50 ca
|
| 101 |
2 |
|
|a rus
|
| 102 |
|
|
|a RU
|
| 105 |
|
|
|a a z 001zy
|
| 200 |
1 |
|
|a Каучук и резина. Вопросы общей технологии и регенерации резины
|e сборник переводов статей из иностранной периодической литературы
|f под общ. ред. В. Ф. Евстратова
|
| 210 |
|
|
|a Москва
|c Изд-во иностранной литературы
|d 1954
|
| 215 |
|
|
|a 160 с.
|c ил.
|
| 320 |
|
|
|a Библиогр.: с. 6.
|
| 610 |
1 |
|
|a химические производства
|
| 610 |
1 |
|
|a резина
|
| 610 |
1 |
|
|a технология
|
| 610 |
1 |
|
|a каучуки
|
| 610 |
1 |
|
|a регенерация
|
| 610 |
1 |
|
|a сборники
|
| 675 |
|
|
|a 668.9
|v 3
|
| 702 |
|
1 |
|a Евстратов
|b В. Ф.
|4 340
|
| 801 |
|
1 |
|a RU
|b 63413507
|c 20050302
|g PSBO
|
| 801 |
|
2 |
|a RU
|b 63413507
|c 20160616
|g PSBO
|
| 942 |
|
|
|c BK
|